Score 0/15 Timer 15:00
1 Play Today
% Correct
2143
97.4%
4231
70.5%
3241
66.2%
4312
54%
1423
53.3%
3142
45.1%
1234
41%
4312
33.6%
% Correct
2134
31.1%
1432
30%
4213
24.3%
1324
21.3%
2341
20.8%
3214
20.8%
4132
18.9%
Remove Ads.
Support Sporcle.
Get the best of Sporcle when you Go Orange. This ad-free experience offers more features, more stats, and more fun while also helping to support Sporcle. Thank you for becoming a member.

You're not logged in!

Compare scores with friends on all Sporcle quizzes.
OR
Log In

Show Comments

Extras

Top Quizzes Today


Score Distribution

Your Account Isn't Verified!

In order to create a playlist on Sporcle, you need to verify the email address you used during registration. Go to your Sporcle Settings to finish the process.

Report this User

Report this user for behavior that violates our Community Guidelines.

Details: